| 000 | 00485nam a22001937a 4500 | ||
|---|---|---|---|
| 005 | 20180718124828.0 | ||
| 008 | 180718b xxu||||| |||| 00| 0 eng d | ||
| 010 | _aB-060996 | ||
| 020 | _c0.00 | ||
| 035 | _aB-060996 | ||
| 037 | _bBPPD/PUB | ||
| 082 |
_2S _aCOR |
||
| 100 | _aCorbett,Jim | ||
| 245 |
_aMy India / _cby Jim Corbett |
||
| 260 |
_aNew Delhi _bOxford University Press _c2001 |
||
| 270 | _bNew Delhi | ||
| 300 |
_avarious pages _c21cm.(Hb) |
||
| 942 |
_2ddc _cEN _mS/ COR |
||
| 999 |
_c154260 _d154260 |
||